00282nam a2200121Ia 4500008004100000082001400041100002200055245001900077250000800096260003300104300001100137650001200148150201s2003 xx 000 0 und d a617bS03G aGUPTA, ROSHAN LAL aTB. OF SURGERY a2ND bJAYPEE BROTHERSaDELHIc2003 a1-1274 aSURGERY